| 000 | 01233cam a22003377a 4500 | ||
|---|---|---|---|
| 001 | 4317 | ||
| 003 | FISKH | ||
| 005 | 20240717160224.0 | ||
| 008 | 050718r20062003caua 000 1 eng | ||
| 010 | _a 2005930840 | ||
| 020 | _a9781933605005 (pbk.) | ||
| 020 | _a1933605006 (pbk.) | ||
| 040 |
_aDLC _cDLC _dDLC _beng |
||
| 050 | _aPZ7.B38185 | ||
| 082 | _a823.92 | ||
| 100 | 1 |
_aBedford, David, _d1969- |
|
| 245 | 1 | 4 |
_aThe soccer machine / _cDavid Bedford ; illustrated by Keith Brumpton. |
| 250 | _aFirst American Edition 2006 | ||
| 260 |
_aLa Jolla : _bKane/Miller, _c2003 |
||
| 300 |
_a68 pages : _billustrations ; _c20 cm |
||
| 490 | 0 |
_aThe team ; _vBook 1 |
|
| 505 | _aN | ||
| 520 | _aHarvey's football team always loses, but Professor Gertie thinks she has the perfect solution - Mark 1, the Football Machine. He has a metal body covered with squidgy skin and he is programmed to win. Will it take a Football Machine to help the team win at last? | ||
| 521 | 8 |
_a570
_bLexile |
|
| 521 | 8 |
_aN
_bRaz-Plus |
|
| 650 |
_aSoccer _vFiction _xRobots _yFriendship |
||
| 700 | 1 |
_aBrumpton, Keith, _eillustrator |
|
| 906 |
_a7 _bcbc _corignew _d4 _eepcn _f20 _gy-gencatlg |
||
| 942 |
_2ddc _cBK _n0 |
||
| 999 |
_c4317 _d4317 |
||